Vista normal
Vista MARC
Entrada Personal Name
Número de registros utilizados en: 1
001 - CONTROL NUMBER
- control field: 9028
003 - CONTROL NUMBER IDENTIFIER
- control field: OSt
005 - DATE AND TIME OF LATEST TRANSACTION
- control field: 20200820125631.0
008 - FIXED-LENGTH DATA ELEMENTS
- fixed length control field: 200820|| aca||aabn | a|a d
040 ## - CATALOGING SOURCE
- Original cataloging agency: OSt
- Transcribing agency: OSt
100 ## - HEADING--PERSONAL NAME
- Personal name: Peñalosa Quintero, Rolando Enrique
670 ## - SOURCE DATA FOUND
- Source citation: Work cat.: (OSt)6317: Peñalosa Quintero, Rolando Enrique, autor, Propuesta de ajuste a la política del régimen subsidiado de salud en colombia /, 2002.